| 000 | 00673nam a2200241 a 4500 | ||
|---|---|---|---|
| 001 | BRL_787 | ||
| 005 | 20190320210910.0 | ||
| 008 | 071013s1981----u--a######---#000-0#eng-# | ||
| 020 | _a0930640020 | ||
| 041 | _aeng | ||
| 044 | _au | ||
| 050 | 4 |
_aHD4881 _b.A67 1981 |
|
| 245 | 1 | 0 |
_aApprenticeship in craft _cedited by Gerry Williams. |
| 260 |
_aNew Hampshire _bDaniel Clark Books _c1981 |
||
| 300 |
_a215 p. _bil. _c22 cm. _eContiene una hoja con sinopsis del libro |
||
| 500 | _aAu905 | ||
| 504 | _aBibliografía: p. 196-208 | ||
| 650 | 1 | 4 |
_aAprendices _924947 |
| 650 | 1 | 4 |
_aArtesanos _924948 |
| 700 | 1 |
_aWilliams, Gerry _eed. _924949 |
|
| 902 | _aGRL | ||
| 942 |
_2lcc _cB |
||
| 999 |
_c9599 _d9599 |
||